La Enseñanza práctica del ingeniero / Conferencia dada por José Serrat y Bonastre
Descripción Física:
27 p. ; 23 cm
Materias:
Enginyeria -- Ensenyament -- Congressos
MARC
| LEADER | 00000nam a2200000Ia 4500 | ||
|---|---|---|---|
| 001 | 18621 | ||
| 008 | 160829s1908 xx 000 0 cat d | ||
| 080 | |a RF-3-35 | ||
| 100 | |a Serrat y Bonastre, José |9 38390 | ||
| 245 | |a La Enseñanza práctica del ingeniero / Conferencia dada por José Serrat y Bonastre | ||
| 260 | |a Barcelona : |b Imprenta Pedro Ortega, |c 1908 | ||
| 300 | |a 27 p. ; |c 23 cm | ||
| 590 | |a Prové de 3269, exp. 3. | ||
| 590 | |a Separata de: Revista tecnológico - industrial | ||
| 650 | |a Enginyeria |x Ensenyament |x Congressos |9 47371 | ||
| 856 | 4 | |u https://media.diba.cat/diba/fitxers/arxiu/fulletons/bib_18621_1908_baixa.pdf |y Accés lliure | |
| 856 | 4 | |u https://media.diba.cat/diba/fitxers/arxiu/fulletons/bib_18621_1908_baixa.pdf |y Accés lliure | |
| 901 | |a Arxiu | ||
| 942 | |n 1 |2 udc | ||
| 952 | |0 0 |1 0 |4 0 |6 RF335 |7 1 |9 53843 |a Arxiu |b Arxiu |d 2016-12-01 |l 0 |o RF-3-35 |p 18621 |r 2016-12-01 00:00:00 |w 2016-12-01 |y ARXIU | ||
| 999 | |c 57709 |d 57709 | ||
| 900 | |a bib_18621_1908_baixa.pdf | ||